Theology in action: gaining interdisciplinary insights from a Sufi perspective
Although practical theology is by nature interdisciplinary, its primary focus has been to acquire insights regarding Christian concerns. Only recently has there been an attempt to include voices from other religious traditions, and even nonreligious worldviews and secular culture. The enriching pote...
| Main Author: | |
|---|---|
| Format: | Electronic Article |
| Language: | English |
| Check availability: | HBZ Gateway |
| Interlibrary Loan: | Interlibrary Loan for the Fachinformationsdienste (Specialized Information Services in Germany) |
| Published: |
[2020]
|
| In: |
Practical theology
Year: 2020, Volume: 13, Issue: 5, Pages: 452-465 |
| RelBib Classification: | AG Religious life; material religion BJ Islam CC Christianity and Non-Christian religion; Inter-religious relations FA Theology KBK Europe (East) RB Church office; congregation |
| Further subjects: | B
Practices
B Practical Theology B Islam B Interdisciplinary B Embodiment B Sufism |
| Online Access: |
Volltext (Resolving-System) |
MARC
| LEADER | 00000caa a22000002c 4500 | ||
|---|---|---|---|
| 001 | 1737572826 | ||
| 003 | DE-627 | ||
| 005 | 20210201133311.0 | ||
| 007 | cr uuu---uuuuu | ||
| 008 | 201102s2020 xx |||||o 00| ||eng c | ||
| 024 | 7 | |a 10.1080/1756073X.2020.1778250 |2 doi | |
| 035 | |a (DE-627)1737572826 | ||
| 035 | |a (DE-599)KXP1737572826 | ||
| 040 | |a DE-627 |b ger |c DE-627 |e rda | ||
| 041 | |a eng | ||
| 084 | |a 0 |a 1 |2 ssgn | ||
| 100 | 1 | |e VerfasserIn |0 (DE-588)1204523533 |0 (DE-627)1689896698 |4 aut |a Aždajić, Dejan | |
| 109 | |a Aždajić, Dejan | ||
| 245 | 1 | 0 | |a Theology in action |b gaining interdisciplinary insights from a Sufi perspective |
| 264 | 1 | |c [2020] | |
| 336 | |a Text |b txt |2 rdacontent | ||
| 337 | |a Computermedien |b c |2 rdamedia | ||
| 338 | |a Online-Ressource |b cr |2 rdacarrier | ||
| 520 | |a Although practical theology is by nature interdisciplinary, its primary focus has been to acquire insights regarding Christian concerns. Only recently has there been an attempt to include voices from other religious traditions, and even nonreligious worldviews and secular culture. The enriching potential of these new perspectives is promising. To further fill this gap, this paper introduces the world of two Islamic Sufi communities and examines the relationship between theology and practice from their point of view. The investigation reveals a remarkable divergence between these two groups regarding theological emphases and the resulting practical implementation. While Sufism is unique in the sense that it endows the spiritual leader with remarkable authority to determine theological truth and its appropriation on behalf of the community under his leadership, the example remains relevant, for it offers new awareness of the interplay between theory and action. Even though there is a reciprocal relationship between beliefs and their concrete embodiment that blurs any firm boundary lines, the cumulative evidence does point to the hierarchical preeminence of practices. For this reason, this exploration specifically aims to deepen the reflection on the importance of the body in relation to religious learning, identity formation, and personal transformation. The overall results confirm the importance of extending the field of practical theology to include considerations from multiple faiths. | ||
| 601 | |a Theologe | ||
| 650 | 4 | |a Embodiment | |
| 650 | 4 | |a Islam | |
| 650 | 4 | |a Sufism | |
| 650 | 4 | |a Interdisciplinary | |
| 650 | 4 | |a Practical Theology | |
| 650 | 4 | |a Practices | |
| 652 | |a AG:BJ:CC:FA:KBK:RB | ||
| 773 | 0 | 8 | |i Enthalten in |t Practical theology |d London : Routledge, Taylor and Francis Group, 2008 |g 13(2020), 5, Seite 452-465 |h Online-Ressource |w (DE-627)585507937 |w (DE-600)2465199-0 |w (DE-576)314543821 |x 1756-0748 |7 nnas |
| 773 | 1 | 8 | |g volume:13 |g year:2020 |g number:5 |g pages:452-465 |
| 856 | 4 | 0 | |u https://doi.org/10.1080/1756073X.2020.1778250 |x Resolving-System |7 1 |
| 951 | |a AR | ||
| ELC | |a 1 | ||
| ITA | |a 1 |t 1 | ||
| LOK | |0 000 xxxxxcx a22 zn 4500 | ||
| LOK | |0 001 3791140124 | ||
| LOK | |0 003 DE-627 | ||
| LOK | |0 004 1737572826 | ||
| LOK | |0 005 20210201133311 | ||
| LOK | |0 008 201102||||||||||||||||ger||||||| | ||
| LOK | |0 040 |a DE-Tue135 |c DE-627 |d DE-Tue135 | ||
| LOK | |0 092 |o n | ||
| LOK | |0 852 |a DE-Tue135 | ||
| LOK | |0 852 1 |9 00 | ||
| LOK | |0 935 |a ixzs |a ixzo | ||
| LOK | |0 936ln |0 1442043806 |a CC | ||
| LOK | |0 936ln |0 1442048824 |a KBK | ||
| LOK | |0 936ln |0 1442043539 |a BJ | ||
| LOK | |0 936ln |0 1442044020 |a FA | ||
| LOK | |0 936ln |0 144205302X |a RB | ||
| LOK | |0 936ln |0 1442043229 |a AG | ||
| LOK | |0 939 |a 02-11-20 |b l01 | ||
| ORI | |a SA-MARC-ixtheoa001.raw | ||
| REL | |a 1 | ||
| STA | 0 | 0 | |a Embodiment,Islam,Islam |
| STB | 0 | 0 | |a Embodiment,Cognition incarnée,Cognition incarnée,Islam,Islam |
| STC | 0 | 0 | |a Corporificación,Islam,Islam |
| STD | 0 | 0 | |a Filosofia del corpo,Incarnazione,Incarnazione,Islam,Islam |
| STE | 0 | 0 | |a 伊斯兰教,伊斯兰教,回教,回教 |
| STF | 0 | 0 | |a 伊斯蘭教,伊斯蘭教,回教,回教 |
| STG | 0 | 0 | |a Corporificação,Islã,Islã |
| STH | 0 | 0 | |a Воплощённое познание,Ислам (мотив),Ислам |
| STI | 0 | 0 | |a Ενσάρκωση,Ισλάμ (μοτίβο),Ισλάμ |
| SUB | |a REL | ||
| SYE | 0 | 0 | |a Verkörperung , Islam |



